000 00417nam a2200145Ia 4500
008 230917s9999||||xx |||||||||||||| ||und||
040 _e87586
_aMAIN
041 _aEnglish
082 _a330.954 S55I
100 _aSen, Raj Kumar, ed
245 0 _aIndian economy: agenda for the 21st century:essays in honour of Professor R R Brahmananda
260 _aNew Delhi
_bDeep
_c2002
300 _axii, 599 p.
942 _cBK
999 _c119721
_d119721